00882nam a2200205Ia 4500008004100000020001500041040001800056041000800074100002800082245005300110250002600163260006000189300001800249504005300267505027000320650001200590650002400602650002300626650002700649130821s1999 ag gr spa  a950679250X aCo-BoUCMbspa00aspa1 aAbarca, Alfredo Ernesto10aProcedimientos aduaneroscAlfredo Ernesto Abarca a2a. ed., actualizada. aBuenos Aires (Argentina)b[Editorial desconocida]c1999 a389 páginas aIncluye referencias bibliográficas e índice. tProcedimientos de impugnación, de repetición para infracciones y delitos. --tRecursos ante el tribunal fiscal y la justicia federal. --tProcedimientos de registro y sancionatorio para despachantes de aduana, importadores, exportadores y agentes de transporte.04aAduanas04aAranceles de aduana04aDerecho tributario04aLegislación aduanera